Football Teams Iñigo Ruiz de Galarreta Played For - Statistics

General Stats
  • This quiz has been taken 14 times
  • The average score is 7 of 10
Answer Stats
League Years Team % Correct
Spain 2013 Athletic Club
100%
Spain 2023- Athletic Club
100%
Spain 2011-2013 Bilbao Athletic
100%
Spain 2020-2023 RCD Mallorca
70%
Spain 2017-2018 FC Barcelona Atlètic
60%
Spain 2013-2014 CD Mirandés
50%
Spain 2018-2020 UD Las Palmas
50%
Spain 2015-2016 CD Leganés
40%
Spain 2016-2017 CD Numancia
40%
Spain 2014-2015 Real Zaragoza
40%
No matching quizzes found
Score Distribution
Percent of People with Each Score
Percentile by Number Answered
Your Score History
You have not taken this quiz